Państwa na 10 liter - Statystyki

Ogólne statystyki
  • Ten quiz został rozwiązany 30 razy
  • Średni wynik to 7 z 13
Statystyki odpowiedzi
Odpowiedż % Poprawnych
Afganistan
84%
Uzbekistan
76%
Kazachstan
68%
Szwajcaria
68%
Luksemburg
64%
Portugalia
64%
Dominikana
60%
Madagaskar
56%
Czarnogóra
44%
Bangladesz
40%
Mauretania
40%
Saint Lucia
16%
Mikronezja
12%
Nie znaleziono quizów pasujących do podanych kryteriów
Rozkład punktacji
Procent ludzi z każdym wynikiem
Percentyl według liczby udzielonych odpowiedzi
Twoja historia wyników
Nie rozwiązałeś tego quizu